Basic electrical engineering (Record no. 7166)

000 -LEADER
fixed length control field 00658nam a2200217 4500
001 - CONTROL NUMBER
control field 7166
003 - CONTROL NUMBER IDENTIFIER
control field BD-DhUET
008 - FIXED-LENGTH DATA ELEMENTS--GENERAL INFORMATION
fixed length control field 740521s1975 nyua 001 0 eng
020 ## - INTERNATIONAL STANDARD BOOK NUMBER
International Standard Book Number 0070211523
040 ## - CATALOGING SOURCE
Original cataloging agency DLC
Transcribing agency DLC
Modifying agency BD-DhUET
082 00 - DEWEY DECIMAL CLASSIFICATION NUMBER
Classification number 623
Item number FIT/1975
100 1# - MAIN ENTRY--PERSONAL NAME
Personal name Fitzgerald, A. E.
245 10 - TITLE STATEMENT
Title Basic electrical engineering
Remainder of title circuits,electronics,machines,control
Statement of responsibility, etc. by A. E. Fitzgerald, David E. Higginbotham and Arvin Grabel
250 ## - EDITION STATEMENT
Edition statement 4th ed.
260 ## - PUBLICATION, DISTRIBUTION, ETC. (IMPRINT)
Place of publication, distribution, etc. New York
Name of publisher, distributor, etc. McGraw-Hill
Date of publication, distribution, etc. 1975
300 ## - PHYSICAL DESCRIPTION
Extent xiv, 817 p.
Other physical details illus.
Dimensions 24 cm.
650 #0 - SUBJECT ADDED ENTRY--TOPICAL TERM
Topical term or geographic name as entry element Electricity : Engineering
700 ## - ADDED ENTRY--PERSONAL NAME
Personal name Higginbotham, David E.
700 ## - ADDED ENTRY--PERSONAL NAME
Personal name Grabel, Arvin
942 ## - ADDED ENTRY ELEMENTS (KOHA)
Koha item type General Book
Holdings
Withdrawn status Piece designation (barcode) Koha date last seen Koha issues (times borrowed) Koha item type Koha date last borrowed Price effective from Shelving location Koha normalized classification for sorting Damaged status Sublocation or collection (holding branch) Not for loan Source of classification or shelving scheme Koha full call number Date acquired Copy number Location (home branch) Lost status
 653642018-08-041General Book2018-07-212014-12-07Circulation section623PIT1975 Central Library, BUET  623/PIT/19752014-12-071Central Library, BUET 
 433092015-03-12 General Book 2015-03-12Circulation section623_000000000000000_PIT_1975 Central Library, BUET  623/PIT/19752015-03-122Central Library, BUET 
 433142015-03-12 General Book 2015-03-12Circulation section623_000000000000000_PIT_1975 Central Library, BUET  623/PIT/19752015-03-123Central Library, BUET 
 436762015-03-12 General Book 2015-03-12Circulation section623_000000000000000_PIT_1975 Central Library, BUET  623/PIT/19752015-03-124Central Library, BUET 
 428432015-03-12 General Book 2015-03-12Circulation section623_000000000000000_PIT_1975 Central Library, BUET  623/PIT/19752015-03-125Central Library, BUET 
 433082015-04-16 General Book 2015-04-16Circulation section623_000000000000000_FIT_1975 Central Library, BUET  623/FIT/19752015-04-166Central Library, BUET 
 433162015-04-18 General Book 2015-04-18Circulation section623_000000000000000_FIT_1975 Central Library, BUET  623/FIT/19752015-04-187Central Library, BUET 
 433102015-04-21 General Book 2015-04-21Circulation section623_000000000000000_FIT_1975 Central Library, BUET  623/FIT/19752015-04-218Central Library, BUET 
 436772015-04-21 General Book 2015-04-21Circulation section623_000000000000000_FIT_1975 Central Library, BUET  623/FIT/19752015-04-219Central Library, BUET 
 433132015-04-21 General Book 2015-04-21Circulation section623_000000000000000_FIT_1975 Central Library, BUET  623/FIT/19752015-04-2110Central Library, BUET 
 433072015-04-21 General Book 2015-04-21Circulation section623_000000000000000_FIT_1975 Central Library, BUET  623/FIT/19752015-04-2111Central Library, BUET 
 511012015-04-21 General Book 2015-04-21Circulation section623_000000000000000_FIT_1975 Central Library, BUET  623/FIT/19752015-04-2112Central Library, BUET 
 428412015-06-28 Reading Item 2015-06-28Reading section623_000000000000000_FIT_1975 Central Library, BUET  623/FIT/19752015-06-2813Central Library, BUET 
 428402015-06-28 Reading Item 2015-06-28Reading section623_000000000000000_FIT_1975 Central Library, BUET  623/FIT/19752015-06-2814Central Library, BUET 
 436792015-06-28 Reading Item 2015-06-28Reading section623_000000000000000_FIT_1975 Central Library, BUET  623/FIT/19752015-06-2815Central Library, BUET